000 00338 a2200157 4500
001 52390
020 _a
040 _cAnchieta - Pituba
100 _aJande
240 1 0 _a1ª Fisica, III unidade
_lpor
245 1 0 _a1ª Fisica, III unidade
300 _a4
362 0 _a2014
650 4 _aLínguas espanhola e portuguesa
942 _cBK
999 _c52390
_d52390